• 首页
  • 本馆介绍
  • 公告通知
  • 最新文献
  • 馆藏检索
  • 电子资源
  • 读者导购
  • 参考咨询
  • 我的图书馆
  • 登录
  • 详细信息显示
  • 放入我的书架
  • 预约/预借图书
  • 作者相关作品
  • 分类相关作品
  • 丛书相关作品
  • 出版社相关作品

书目信息

  • 表格格式
  • 工作单格式
  • 卡片格式
题名:
便携式近地表频率域电磁法仪器及其信号检测
    
 
作者: 严发宝 , 柳建新 , 苏艳蕊 著
分册:  
出版信息: 长沙   中南大学出版社  2017.02
页数: 165页
开本: 25cm
丛书名: 有色金属理论与技术前沿丛书
单 册:
中图分类: P631.3
科图分类:
主题词: 便携仪表--近地面层--频率域综合--电磁法勘探--研究
电子资源:
ISBN: 978-7-5487-2720-0
000 01364oam2 2200301 450
001 4948
005 20181013160517.47
010    @a978-7-5487-2720-0@b精装@dCNY55.00
100    @a20170524d2017 em y0chiy50 ea
101 0  @achi
102    @aCN@b430000
105    @aa z 000yy
200 1  @a便携式近地表频率域电磁法仪器及其信号检测@9bian xie shi jin di biao pin lv yu dian ci fa yi qi ji qi xin hao jian ce@dThe portable near-surface frequency domain electromagnetic instrument and its signal detecion@zeng@f严发宝[等]著
210    @a长沙@c中南大学出版社@d2017.02
215    @a165页@c图@d25cm
225 1  @a有色金属理论与技术前沿丛书
300    @a国家出版基金项目
304    @a著者还有: 柳建新、苏艳蕊、曹创华
330    @a本书在阐述和分析便携式近地表频率域电磁法观测系统的基础上,对便携式近地表频率域电磁法观测系统信号检测技术和数据实时预处理性能提升作了系统研究和深入探讨,提出了相应的改进方法。
461  0 @12001 @a有色金属理论与技术前沿丛书
510 1  @aPortable near-surface frequency domain electromagnetic instrument and its signal detecion@zeng
606 0  @a便携仪表@x近地面层@x频率域综合@x电磁法勘探@x研究
690    @aP631.3@v5
701  0 @a严发宝@9yan fa bao@f(1985-)@4著
701  0 @a柳建新@9liu jian xin@f(1962-)@4著
701  0 @a苏艳蕊@9su yan rui@f(1988-)@4著
801  0 @aCN@b91MARC@c20170524
905    @aMuseLib@dP631.3@e96
    
    便携式近地表频率域电磁法仪器及其信号检测=The portable near-surface frequency domain electromagnetic instrument and its signal detecion/严发宝[等]著.-长沙:中南大学出版社,2017.02
    165页:图;25cm.-(有色金属理论与技术前沿丛书)
    国家出版基金项目
    
    ISBN 978-7-5487-2720-0(精装):CNY55.00
    本书在阐述和分析便携式近地表频率域电磁法观测系统的基础上,对便携式近地表频率域电磁法观测系统信号检测技术和数据实时预处理性能提升作了系统研究和深入探讨,提出了相应的改进方法。
●
相关链接 在E读中查询图书 在五车中查询图书 在当当中查询图书 在豆瓣中查询图书


正题名:便携式近地表频率域电磁法仪器及其信号检测     索取号:P631.3/96         预约/预借

序号 登录号 条形码 馆藏地/架位号 状态 备注
1 1127394   211273940   第二样本阅览室/ [索取号:P631.3/96] 在馆    
2 1127395   211273959   密集书库-物理学院/ [索取号:P631.3/96] 在馆    
3 1127396   211273968   第三借阅区/ [索取号:P631.3/96] 在馆    
4 1127397   211273977   第三借阅区/ [索取号:P631.3/96] 在馆    
5 1127398   211273986   第三借阅区/ [索取号:P631.3/96] 在馆    
唐山师范学院图书馆 欢迎您!
大连网信软件有限公司© 版权所有